Sobre el concepto de cultura política en Bolívar Echeverría /

Guardado en:
書目詳細資料
主要作者: García Barrios, Marco Aurelio
格式: Texto
標簽: 添加標簽
沒有標簽, 成為第一個標記此記錄!

MARC

LEADER 00000 a a2200000 04500
001 46497
003
040
100 |a García Barrios, Marco Aurelio  
245 |a Sobre el concepto de cultura política en Bolívar Echeverría /  |c Marco Aurelio García Barrios  
773 |g volumen16, número43 (2012), páginas 33-46  
999 |c 25083  |d 25083